000 00510cam a2200145 4500500
005 20260208002440.0
041 _afre
042 _adc
100 1 0 _aMasset, Claude
_eauthor
245 0 0 _aDoris Bonnet, Repenser l’hérédité, Paris, Éd. des Archives contemporaines, 2009, 116 p., bibl.
260 _c2011.
500 _a31
786 0 _nL'Homme | 198-199 | 2 | 2011-07-01 | p. 367s-422s | 0439-4216
856 4 1 _uhttps://shs.cairn.info/revue-l-homme-2011-2-page-367s?lang=fr&redirect-ssocas=7080
999 _c1646413
_d1646413